000 00794nam a2200181 4500
005 20260108115723.0
008 260108b |||||||| |||| 00| 0 eng d
020 _a978-93-87944-89-3
041 _aEnglish
082 _aX 158.1
_bB12126
100 _aSharma, Robin
_9216153
245 _aThe 5 AM Club
_b:own your morning elevate your life
260 _aMumbai
_bJaico Publishing house
_c2024
300 _a314p
_bpb
365 _aRupaye
_b249
_cINR
520 _aLegendary leadership and elite performance expert Robin Sharma introduced The 5am Club concept over twenty years ago, based on a revolutionary morning routine that has helped his clients maximize their productivity, activate their best health and bulletproof their serenity in this age of overwhelming complexity.
942 _cBK
999 _c369758
_d369758